00389nam a2200145Ia 4500008004100000020001500041041001200056100002000068245007400088250000900162260003900171300000800210650000800218700001700226221030s9999 xx 000 0 und d a9332542600 aEnglish aR. L. Boylestad 0aElectronic Devices & Circuit Theorycby R. L. Boylestad, L. Nashelsky a11th bPearson EducationaNew Delhic2016 a932 aECE aL. Nashelsky